00613nam a2200205 i 450000100060000000300080000600500170001400800390003102000150007003500190008504000320010404100080013608200210014410000200016524500780018526000350026330000500029850400280034865100310037633622BD-RjUL20211209052033.0140510s1974 fr af b i000 0 eng a9231011790 a(BD-RjUL)33713 aDLCcDLCdDLCdBD-RjULbeng aeng00a306.02bMBC 19741 aMbughuni, L. A.14aThe cultural policy of the United Republic of Tanzania /cL. A. Mbughuni. aParis :bUnesco Press,cc1974. a72 p., [2] leaves of plates :bill. ;c25 cm. aBibliography: p. 63-64. 0aTanzaniaxCultural policy.